This is what "__ "feels like - JVKE - Statistics

General Stats
  • This quiz has been taken 22 times
    13 since last reset
  • The average score is 8 of 11
Answer Stats
'this is what ___ feels like' % Correct
this is what autumn feels like
91%
this is what falling in love feels like
91%
this is what winter feels like
91%
this is what heartbreak feels like
82%
this is what sadness feels like
82%
this is what space feels like
73%
this is what floating feels like
64%
this is what falling out of love feels like
55%
this is what forever feels like
55%
this is what losing someone feels like
55%
this is what slow dancing feels like
55%
No matching quizzes found
Score Distribution
Percent of People with Each Score
Percentile by Number Answered
Your Score History
You have not taken this quiz since the last reset